Normal view
MARC view
- HALSEY, WILLIAM
Entry Personal Name
001 - CONTROL NUMBER
- control field: 57306
003 - CONTROL NUMBER IDENTIFIER
- control field: NUST
005 - DATE AND TIME OF LATEST TRANSACTION
- control field: 20210628201907.0
008 - FIXED-LENGTH DATA ELEMENTS
- fixed length control field: 210628|| aca||aabn | a|a d
040 ## - CATALOGING SOURCE
- Original cataloging agency: NUST
- Transcribing agency: NUST
100 ## - HEADING--PERSONAL NAME
- Personal name: HALSEY, WILLIAM
670 ## - SOURCE DATA FOUND
- Source citation: Work cat.: (NUST): HALSEY, WILLIAM, COLLIER'S ENCYCLOPEDIA WITH BIBLOGRAPHY AND INDEX VOL-15, 1965
